000 00744cam a2200217 4500
001 L129360
008 050414n2004 000 0 eng u
020 _a1860817327
035 _a(Sirsi) u129360
041 _aeng
100 _aSteele, Kristian
245 _aEnvironmental sustainability in bridge management
260 _aWatford
_bBRE
_c2004
300 _a12p.
_c30cm.
350 _a12
490 _aBRE Information Paper
_v14/04
520 _aReports on the collaboration between the BRE and Surrey County Council in devising an assessment method for the environmental comparision of bridge management strategies.
690 _aPROPERTY-INFRASTRUCTURE-ROAD INFRASTRUCTURE
710 _aSurrey County Council
_94689
942 _n0
999 _c104156
_d104156